J Cole Prime Number Syllabus Quiz - Statistics

General Stats
  • This quiz has been taken 25 times
  • The average score is 19 of 60
Answer Stats
Album Syllables Answer % Correct
Cole World: The Sideline Story 2 Work Out
67%
2014 Forest Hills Drive 2 Wet Dreamz
63%
Born Sinner (Deluxe) 3 Born Sinner
58%
4 Your Eyez Only 5 4 Your Eyez Only
54%
The Off-Season 3 amari
54%
2014 Forest Hills Drive 3 Fire Squad
54%
KOD 3 KOD
54%
The Off-Season 2 my life
50%
Born Sinner (Deluxe) 3 Power Trip
50%
Born Sinner (Deluxe) 2 She Knows
50%
KOD 3 ATM
46%
4 Your Eyez Only 3 Deja Vu
46%
KOD 3 Kevin's Heart
46%
The Off-Season 5 pride is the devil
46%
Born Sinner (Deluxe) 5 Villuminati
46%
2014 Forest Hills Drive 7 January 28th
42%
2014 Forest Hills Drive 2 Love Yourz
42%
4 Your Eyez Only 2 Neighbors
42%
2014 Forest Hills Drive 2 St. Tropez
42%
KOD 5 1985
38%
4 Your Eyez Only 3 Foldin Clothes
38%
2014 Forest Hills Drive 2 Hello
38%
4 Your Eyez Only 3 Immortal
38%
2014 Forest Hills Drive 3 Note to Self
38%
Cole World: The Sideline Story 2 Lights Please
33%
Cole World: The Sideline Story 2 Lost Ones
33%
Cole World: The Sideline Story 5 Nobody's Perfect
33%
4 Your Eyez Only 5 Ville Mentality
33%
Cole World: The Sideline Story 2 Breakdown
29%
Cole World: The Sideline Story 2 Cole World
29%
4 Your Eyez Only 5 For Whom the Bell Tolls
29%
Born Sinner (Deluxe) 3 Let Nas Down
29%
KOD 3 Photograph
29%
Born Sinner (Deluxe) 3 Rich N****z
29%
KOD 3 Window Pain
29%
KOD 2 BRACKETS
25%
Born Sinner (Deluxe) 3 Crooked Smile
25%
Cole World: The Sideline Story 2 God's Gift
25%
The Off-Season 5 hunger on hillside
25%
Born Sinner (Deluxe) 3 New York Times
25%
Born Sinner (Deluxe) 5 Miss America
21%
KOD 3 Motiv8
21%
Cole World: The Sideline Story 3 Rise and Shine
21%
Born Sinner (Deluxe) 3 Runaway
21%
The Off-Season 3 the climb back
21%
Might Delete Later 5 7 Minute Drill
17%
Might Delete Later 7 Trae The Truth in Ibiza
17%
Born Sinner (Deluxe) 3 Where's Jermaine
17%
The Off-Season 5 applying pressure
13%
Born Sinner (Deluxe) 3 Chaining Day
13%
Might Delete Later 2 Fever
13%
Might Delete Later 3 H.Y.B.
13%
Born Sinner (Deluxe) 3 Mo Money
13%
KOD 3 The Cut Off
13%
Born Sinner (Deluxe) 2 Trouble
13%
Cole World: The Sideline Story 3 Never Told
8%
Might Delete Later 2 Pricey
8%
Born Sinner (Deluxe) 3 Sparks Will Fly
8%
Might Delete Later 2 Stealth Mode
8%
Might Delete Later 3 Stickz N Stonez
8%
No matching quizzes found
Score Distribution
Percent of People with Each Score
Percentile by Number Answered
Your Score History
You have not taken this quiz